| 000 | 02371nam a2200433 a 4500 | ||
|---|---|---|---|
| 001 | 000013599 | ||
| 003 | DO-SdBNP | ||
| 005 | 20150813115113.0 | ||
| 007 | 000013599 | ||
| 008 | 150130s2011 dr ac 000 0 spa d | ||
| 020 | _a9789945173673 (v. 1) | ||
| 020 | _a9789945173680 (v. 2) | ||
| 040 |
_aBPMSU _bspa _cBPMSU |
||
| 092 |
_axxxx _bxxxx |
||
| 245 | 0 | 0 |
_aLengua y literatura : _beducación media / _cManuel García Cartagena...[et al.] ; dirección editorial Cristina amiama Espaillat ; ilustraciones Rebeca Jiménez. |
| 260 |
_aSanto Domingo : _bSM, _c2011. |
||
| 300 |
_a4 v. : _bil., retrs. ; _c29 cm. |
||
| 490 | 1 | _aEducación en valores | |
| 500 | _aEducación media | ||
| 500 | _aLa biblioteca solamente posee los volumenes 1 y 2. | ||
| 505 | 1 |
_av. 1 : _gunidad 1 -- _tArticulos de opinión -- _gunidad 2 -- _tTextos narrativos -- _gunidad 3 -- _tTextos poéticos -- _gunidad 4 -- _tTextos descriptivos -- _gunidad 5 -- _tTextos expositivo-narrativos -- _gunidad 6 -- _tLa entrevista -- _gunidad 7 -- _tTextos informativos -- _gunidad 8 -- _tTextos explicativos -- _gunidad 9 -- _tTextos argumentativos -- _gunidad 10 -- _tTextos dramáticos -- _gunidad 11 -- _tTextos publicitarios -- _gunidad 12 -- _tActas de reunión -- |
|
| 505 | 1 |
_av. 2 : _gunidad 1 -- _tTextos expositivos -- _gunidad 2 -- _tTextos expositivos-descriptivos -- _gunidad 3 -- _tInformes -- _gunidad 4 -- _tReseñas -- _gunidad 5 -- _tCartas formales -- _gunidad 6 -- _tTextos argumentativos -- _gunidad 7 -- _tEnsayos argumentativos -- _gunidad 8 -- _tDiscursos argumentativos -- _gunidad 9 -- _tLa argumentación en los medios -- _gunidad 10 -- _tExposiciones argumentativas -- _gunidad 11 -- _tTextos instructivos -- _gunidad 12 -- _tTextos expositivos -- |
|
| 700 | 1 | _aGarcía Cartagena, Manuel | |
| 700 | 1 | _aÁlvaro, Salvador | |
| 700 | 1 | _aParedes, Florentino | |
| 700 | 1 | _aSanz, Marta | |
| 700 | 1 | _aBazarra, Lourdes | |
| 700 | 1 | _aCasanova, Olga | |
| 700 | 1 |
_aAmiama Espaillat, Cristina _edir. ed. |
|
| 700 | 1 |
_aJiménez, Rebeca _eil. |
|
| 830 | 0 | _aEducación en valores | |
| 930 | 1 |
_lBND01 _mLF1 _820091126 _f04 _pHD _g8502 _he. 3 |
|
| 930 | 1 |
_lBND01 _mLF1 _820091126 _f01 _pHD _g8501 |
|
| 930 | 1 |
_lBND01 _mLF1 _820091126 _f01 _pHD _g8501 _he. 2 |
|
| 942 |
_2ddc _cBK |
||
| 956 |
_aDGARCIA _b10 _c20150806 _lBND01 _h0938 |
||
| 956 |
_aYLOCKWARD _b10 _c20150806 _lBND01 _h1354 |
||
| 956 |
_aVMATEO _b10 _c20150813 _lBPMSU _h00151 |
||
| 999 |
_c8198 _d8198 |
||